header

Abnormal psychology / (Record no. 60)

MARC details
000 -LEADER
fixed length control field 01382cam a22003734a 4500
001 - CONTROL NUMBER
control field 14069671
003 - CONTROL NUMBER IDENTIFIER
control field OSt
005 - DATE AND TIME OF LATEST TRANSACTION
control field 20150916142123.0
008 - FIXED-LENGTH DATA ELEMENTS--GENERAL INFORMATION
fixed length control field 050810s2007 njua b 001 0 eng
010 ## - LIBRARY OF CONGRESS CONTROL NUMBER
LC control number 2005023166
020 ## - INTERNATIONAL STANDARD BOOK NUMBER
International Standard Book Number 0131875213
035 ## - SYSTEM CONTROL NUMBER
System control number (OCoLC)ocm61262383
040 ## - CATALOGING SOURCE
Original cataloging agency DLC
Transcribing agency DLC
Modifying agency YDX
-- BAKER
-- VET
-- DLC
042 ## - AUTHENTICATION CODE
Authentication code pcc
050 00 - LIBRARY OF CONGRESS CALL NUMBER
Classification number RC454
Item number .O44 2007
082 00 - DEWEY DECIMAL CLASSIFICATION NUMBER
Classification number 616.89
Edition number 22
100 1# - MAIN ENTRY--PERSONAL NAME
Personal name Oltmanns, Thomas F.
245 10 - TITLE STATEMENT
Title Abnormal psychology /
Statement of responsibility, etc Thomas F. Oltmanns, Robert E. Emery.
250 ## - EDITION STATEMENT
Edition statement 5th ed.
260 ## - PUBLICATION, DISTRIBUTION, ETC. (IMPRINT)
Place of publication, distribution, etc Upper Saddle River, N.J. :
Name of publisher, distributor, etc Pearson/Prentice Hall,
Date of publication, distribution, etc c2007.
300 ## - PHYSICAL DESCRIPTION
Extent xxvii, 690 p. :
Other physical details ill. (chiefly col.) ;
Dimensions 29 cm +
Accompanying material 1 CD-ROM (4 3/4 in.)
500 ## - GENERAL NOTE
General note Title on accompanying CD-ROM: Speaking out, videos in abnormal psychology CD-ROM.
504 ## - BIBLIOGRAPHY, ETC. NOTE
Bibliography, etc Includes bibliographical references (p. 631-670) and indexes.
650 #0 - SUBJECT ADDED ENTRY--TOPICAL TERM
Topical term or geographic name as entry element Psychology, Pathological.
Topical term or geographic name as entry element Mental illness.
Topical term or geographic name as entry element Mental Disorders.
Topical term or geographic name as entry element Psychopathology.
700 1# - ADDED ENTRY--PERSONAL NAME
Personal name Emery, Robert E.
740 02 - ADDED ENTRY--UNCONTROLLED RELATED/ANALYTICAL TITLE
Uncontrolled related/analytical title Speaking out, videos in abnormal psychology CD-ROM.
856 41 - ELECTRONIC LOCATION AND ACCESS
Materials specified Table of contents
Uniform Resource Identifier <a href="http://www.loc.gov/catdir/toc/ecip0517/2005023166.html">http://www.loc.gov/catdir/toc/ecip0517/2005023166.html</a>
906 ## - LOCAL DATA ELEMENT F, LDF (RLIN)
a 7
b cbc
c orignew
d 1
e ecip
f 20
g y-gencatlg
942 ## - ADDED ENTRY ELEMENTS (KOHA)
Source of classification or shelving scheme Library of Congress Classification
Koha item type Long Loan Books
Holdings
Withdrawn status Lost status Source of classification or shelving scheme Damaged status Not for loan Collection code Home library Current library Shelving location Date acquired Total Checkouts Full call number Barcode Date last seen Price effective from Koha item type Checked out Date checked out
    Library of Congress Classification     Non-fiction Rongo University Library Rongo University Library General Stacks 16/09/2015   RC454 .O44 2007 20154480 16/09/2015 16/09/2015 Long Loan Books    
    Library of Congress Classification     Non-fiction Rongo University Library Rongo University Library General Stacks 26/10/2015   RC454 .O44 2007 20154482 26/10/2015 26/10/2015 Long Loan Books    
    Library of Congress Classification     Non-fiction Rongo University Library Rongo University Library General Stacks 26/10/2015   RC454 .O44 2007 20154473 26/10/2015 26/10/2015 Long Loan Books    
    Library of Congress Classification     Non-fiction Rongo University Library Rongo University Library General Stacks 26/10/2015   RC454 .O44 2007 20154478 26/10/2015 26/10/2015 Long Loan Books    
    Library of Congress Classification     Non-fiction Rongo University Library Rongo University Library General Stacks 26/10/2015   RC454 .O44 2007 20154489 26/10/2015 26/10/2015 Long Loan Books    
    Library of Congress Classification     Non-fiction Rongo University Library Rongo University Library General Stacks 03/11/2015   RC454 .O44 2007 20154481 03/11/2015 03/11/2015 Long Loan Books    
    Library of Congress Classification     Non-fiction Rongo University Library Rongo University Library General Stacks 03/11/2015   RC454 .O44 2007 20154474 03/11/2015 03/11/2015 Long Loan Books    
    Library of Congress Classification     Non-fiction Rongo University Library Rongo University Library General Stacks 03/11/2015   RC454 .O44 2007 20154880 03/11/2015 03/11/2015 Long Loan Books    
    Library of Congress Classification     Non-fiction Rongo University Library Rongo University Library General Stacks 02/12/2015   RC454 .O44 2007 20158087 02/12/2015 02/12/2015 Long Loan Books    
    Library of Congress Classification     Non-fiction Rongo University Library Rongo University Library General Stacks 02/12/2015   RC454 .O44 2007 20158214 02/12/2015 02/12/2015 Long Loan Books    
    Library of Congress Classification     Non-fiction Rongo University Library Rongo University Library General Stacks 02/12/2015   RC454 .O44 2007 20158086 02/12/2015 02/12/2015 Long Loan Books    
    Library of Congress Classification     Non-fiction Rongo University Library Rongo University Library General Stacks 02/12/2015   RC454 .O44 2007 20158085 02/12/2015 02/12/2015 Long Loan Books    
    Library of Congress Classification     Non-fiction Rongo University Library Rongo University Library General Stacks 02/12/2015   RC454 .O44 2007 20158084 02/12/2015 02/12/2015 Long Loan Books    
    Library of Congress Classification       Rongo University Library Rongo University Library   21/01/2016   RC454 .O44 2007 20168362 21/01/2016 21/01/2016 Long Loan Books    
    Library of Congress Classification     Non-fiction Rongo University Library Sori Campus General Stacks 26/10/2015 3 RC454 .O44 2007 20154479 24/06/2025 26/10/2015 Long Loan Books 01/07/2026 24/06/2025
    Library of Congress Classification     Non-fiction Rongo University Library Sori Campus General Stacks 03/11/2015 2 RC454 .O44 2007 20154483 24/06/2025 03/11/2015 Long Loan Books 01/07/2026 24/06/2025

© 2026 Rongo University
Contact us: librarian | system librarian | Rongo university